Online Catalogue and eLibrary

Studies in the Social History of Sri Lanka (Record no. 1223)

MARC details
000 -LEADER
fixed length control field 00480nam a2200181Ia 4500
005 - DATE AND TIME OF LATEST TRANSACTION
control field 20250324013314.0
008 - FIXED-LENGTH DATA ELEMENTS--GENERAL INFORMATION
fixed length control field 240331s9999 xx 000 0 und d
082 ## - DDC Classification
Class No. 303.4
Item Number - Author Mark STU
DDC Edition Number 1291
245 #0 - TITLE STATEMENT
Title Studies in the Social History of Sri Lanka
260 ## - PUBLICATION, DISTRIBUTION, ETC.
Place of publication, distribution, etc. Colombo,
Name of publisher, distributor, etc. Social Scientists' Association
Date of publication, distribution, etc. 1988
300 ## - PHYSICAL DESCRIPTION
Extent (e.g. Volumes, Pages etc.) 149 p., (Volume 4)
650 ## - SUBJECT ADDED ENTRY--TOPICAL TERM
Topical term or geographic name entry element Society
650 ## - SUBJECT ADDED ENTRY--TOPICAL TERM
Topical term or geographic name entry element Caste
650 ## - SUBJECT ADDED ENTRY--TOPICAL TERM
Topical term or geographic name entry element Religion
650 ## - SUBJECT ADDED ENTRY--TOPICAL TERM
Topical term or geographic name entry element Colonization
700 ## - ADDED ENTRY--PERSONAL NAME
Personal name Liyanagamage, A
Relator term (Role) Editor
942 ## - Koha item type (Biblio)
Koha item type Books in Stacks (Lending)
Holdings
Lost status Damaged status Collection code Home library Current library Shelving location Date acquired Full call number Accession Number Item type
    Lending WERC Library WERC Library Social Science Cupboard 03/31/2024 303.4 STU 1291 Books in Stacks (Lending)

© WERC Library